000
00270pam a2200121 a 4500
020
_c
041
_a
eng
100
_a
Sullivan.J.W,N.
245
_a
Limitaion And Scirence
_h
Textual Documents
260
_a
New York
_b
Penguin Books Ltd
300
_a
246p.
930
_a
15252
999
_c
92152
_d
92152